Library of the University of Algiers 3
Ibrahim Sultan Cheibout
شعار جامعة الجزائر 3
مكتبة جامعة الجزائر 3
إبراهيم سلطان شيبوط

المطول في العقود : (رقم التسجيلة. 45611)

تفاصيل مارك
000 -LEADER
fixed length control field 00908nam a2200229Ia 4500
003 - CONTROL NUMBER IDENTIFIER
control field Ost
005 - DATE AND TIME OF LATEST TRANSACTION
control field 20260507075651.0
008 - FIXED-LENGTH DATA ELEMENTS--GENERAL INFORMATION
fixed length control field 260507s9999||||xx |||||||||||||| ||und||
040 ## - CATALOGING SOURCE
Transcribing agency fsecg
041 ## - LANGUAGE CODE
Language code of text/sound track or separate title ara
082 ## - DEWEY DECIMAL CLASSIFICATION NUMBER
Classification number 343.82
100 ## - MAIN ENTRY--PERSONAL NAME
Personal name موزيه، فانسان
Relator term مؤلف
245 #0 - TITLE STATEMENT
Title المطول في العقود :
Remainder of title بيع السلع الدولية والقانون الموحد /
Statement of responsibility, etc. فانسان موزيه
260 ## - PUBLICATION, DISTRIBUTION, ETC.
Place of publication, distribution, etc. بيروت:
Name of publisher, distributor, etc. مجد المؤسسة الجامعية للدراسات والنسر والتوزيع,
Date of publication, distribution, etc. 2005
300 ## - PHYSICAL DESCRIPTION
Extent 710 صفحة؛
Other physical details إيضاحات ؛
Dimensions 25 سم
520 ## - SUMMARY, ETC.
Summary, etc. مصادر تنظيم بيع السلع الدولية- تكوين عقد بيع السلع الدولية- مفاعيل البيع
653 ## - INDEX TERM--UNCONTROLLED
Uncontrolled term البيع
653 ## - INDEX TERM--UNCONTROLLED
Uncontrolled term السلع
653 ## - INDEX TERM--UNCONTROLLED
Uncontrolled term العقود
700 ## - ADDED ENTRY--PERSONAL NAME
Personal name غسان، جاك
Relator term مؤلف ثانوي
942 ## - ADDED ENTRY ELEMENTS (KOHA)
Koha item type كتب

لا توجد مواد متاحة.

موارد الويب المفتوحة


© University of Algiers 3 All Rights Reserved
|
Implemented by LECHELAH Riad